Введение в технологию поверхностного упрочнения металла (Запись № 10941575)

Подробности
000 -МАРКЕР
контрольное поле 02276nam0a2200373 4500
001 - ИДЕНТИФИКАТОР ЗАПИСИ
контрольное поле RU\NLR\BIBL_A\011911924
005 - ИДЕНТИФИКАТОР ВЕРСИИ
контрольное поле 20250904134853.0
010 ## - МЕЖДУНАРОДНЫЙ СТАНДАРТНЫЙ НОМЕР КНИГИ (ISBN)
Номер (ISBN) 978-5-00019-508-6
Тираж 300
021 ## - НОМЕР ГОСУДАРСТВЕННОЙ РЕГИСТРАЦИИ
Код страны Российская Федерация
Номер КН-П-18-094787
Номер Листа государственной регистраци КН-П-18-6879
035 ## - ДРУГИЕ СИСТЕМНЫЕ НОМЕРА
Идентификатор записи (NLR Aleph) 011911924
035 ## - ДРУГИЕ СИСТЕМНЫЕ НОМЕРА
Идентификатор записи (RuMoRGB)009837515
100 ## - ДАННЫЕ ОБЩЕЙ ОБРАБОТКИ
Данные общей обработки 20190117d2015 u y0rusy50 ca
101 0# - ЯЗЫК РЕСУРСА
Язык текста, звукозаписи и т.д. русский
102 ## - СТРАНА ПУБЛИКАЦИИ ИЛИ ПРОИЗВОДСТВА
Страна публикации Российская Федерация
105 ## - ПОЛЕ КОДИРОВАННЫХ ДАННЫХ: ТЕКСТОВЫЕ МАТЕРИАЛЫ, МОНОГРАФИЧЕСКИЕ
Кодированные данные о монографическом текстовом документе a|||zzzz0|1yy
200 1# - ЗАГЛАВИЕ И СВЕДЕНИЯ ОБ ОТВЕТСТВЕННОСТИ
Основное заглавие Введение в технологию поверхностного упрочнения металла
Первые сведения об ответственности Р. Глинер, В. Астащенко
Последующие сведения об ответственности Казанский (Приволжский) федеральный университет, Набережночелнинский институт
210 ## - ПУБЛИКАЦИЯ, РАСПРОСТРАНЕНИЕ И ДР.
Место издания, распространения и т.д. Казань
Имя издателя, распространителя и т. д. Изд-во Казанского университета
Дата издания, распространения и т.д. 2015
215 ## - ФИЗИЧЕСКАЯ ХАРАКТЕРИСТИКА
Специфическое обозначение материала и объем 340 с.
Другие сведения о физической характеристике ил., табл.
Размеры 20
300 ## - ОБЩИЕ ПРИМЕЧАНИЯ
Текст примечания В предисл. авт.: профессора Р. Е. Гинер, В. И. Астащенко
313 ## - ПРИМЕЧАНИЯ, ОТНОСЯЩИЕСЯ К ТЕМАТИЧЕСКОМУ ДОСТУПУ
Текст примечания Учебное пособие фактически является вторым изданием вышедшего ранее пособия "Технология поверхностного упрочнения металлов термической и пластической обработкой", 2008 г.
320 ## - ПРИМЕЧАНИЯ О НАЛИЧИИ В ДОКУМЕНТЕ БИБЛИОГРАФИИ / УКАЗАТЕЛЯ
Текст примечания Библиогр.: с. 337-340 (54 назв.)
606 1# - НАИМЕНОВАНИЕ ТЕМЫ КАК ПРЕДМЕТ
Наименование темы Упрочнение металлов поверхностное
Формальный подзаголовок Учебные издания для высших учебных заведений
Код системы nlr_sh1
-- nlr_sh2
Идентификатор авторитетной/нормативной записи RU\NLR\AUTH\66352466
686 1# - ИНДЕКСЫ ДРУГИХ КЛАССИФИКАЦИЙ
Индекс К65я73-1
700 #1 - ИМЯ ЛИЦА - ПЕРВИЧНАЯ ОТВЕТСТВЕННОСТЬ
Начальный элемент ввода Глинер
Часть имени, кроме начального элемента ввода Р. Е.
Расширение инициалов личного имени Роман Ефимович
701 #1 - ИМЯ ЛИЦА - АЛЬТЕРНАТИВНАЯ ОТВЕТСТВЕННОСТЬ
Начальный элемент ввода Астащенко
Часть имени, кроме начального элемента ввода В. И.
Расширение инициалов личного имени Владимир Иванович
856 4# - МЕСТОНАХОЖДЕНИЕ ЭЛЕКТРОННЫХ РЕСУРОВ И ДОСТУП К НИМ
Имя пользователя (logon/login) SV_MBA
Эмуляция терминала (Terminal emulation) VIEW
Универсальный идентификатор ресурса (Uniform Resource Identifier) https://webservices.nlr.ru/viewer/file?name=p011911924_002.jpg
Непубликуемое примечание (Nonpublic note) 001
Тип доступа (Access method) Страница
856 4# - МЕСТОНАХОЖДЕНИЕ ЭЛЕКТРОННЫХ РЕСУРОВ И ДОСТУП К НИМ
Имя пользователя (logon/login) SV_MBA
Эмуляция терминала (Terminal emulation) VIEW
Универсальный идентификатор ресурса (Uniform Resource Identifier) https://webservices.nlr.ru/viewer/file?name=p011911924_003.jpg
Непубликуемое примечание (Nonpublic note) 002
Тип доступа (Access method) Страница
856 41 - МЕСТОНАХОЖДЕНИЕ ЭЛЕКТРОННЫХ РЕСУРОВ И ДОСТУП К НИМ
Имя пользователя (logon/login) SV_MBA
Эмуляция терминала (Terminal emulation) VIEW
Универсальный идентификатор ресурса (Uniform Resource Identifier) https://webservices.nlr.ru/viewer/file?name=t011911924_001.jpg
Тип доступа (Access method) Обложка
942 ## - ДОПОЛНИТЕЛЬНЫЕ ЭЛЕМЕНТЫ ЗАПИСИ (АБИС)
Тип экземпляра АБИС Книга
980 ## - КОЛЛЕКЦИЯ
Название коллекции Национальная библиография
980 ## - КОЛЛЕКЦИЯ
Название коллекции НБР

Нет доступных экземпляров.